<?xml version="1.0" encoding="UTF-8"?>
<record
    xmlns:xsi="http://www.w3.org/2001/XMLSchema-instance"
    xsi:schemaLocation="http://www.loc.gov/MARC21/slim http://www.loc.gov/standards/marcxml/schema/MARC21slim.xsd"
    xmlns="http://www.loc.gov/MARC21/slim">

  <leader>01224nam a22002537a 4500</leader>
  <controlfield tag="003">BPGM</controlfield>
  <controlfield tag="005">20260624204711.0</controlfield>
  <controlfield tag="008">260624b2008    mx ||||| |||| 001 0 spa d</controlfield>
  <datafield tag="020" ind1=" " ind2=" ">
    <subfield code="a">978-968-9350-17-0</subfield>
  </datafield>
  <datafield tag="040" ind1=" " ind2=" ">
    <subfield code="a">BPGM</subfield>
    <subfield code="b">spa</subfield>
  </datafield>
  <datafield tag="041" ind1=" " ind2=" ">
    <subfield code="a">spa</subfield>
    <subfield code="h">spa</subfield>
  </datafield>
  <datafield tag="082" ind1="0" ind2="4">
    <subfield code="a">CQ / 863M /</subfield>
    <subfield code="b">G3788 / C84 / </subfield>
  </datafield>
  <datafield tag="100" ind1=" " ind2=" ">
    <subfield code="a">GARCIA, SERVIN, ALFREDO </subfield>
  </datafield>
  <datafield tag="245" ind1=" " ind2=" ">
    <subfield code="a">CUENTOS VAGABUNDO </subfield>
  </datafield>
  <datafield tag="300" ind1=" " ind2=" ">
    <subfield code="a">60 p&#xE1;ginas</subfield>
    <subfield code="c">22.3 cm x 10.3 cm </subfield>
  </datafield>
  <datafield tag="336" ind1=" " ind2=" ">
    <subfield code="2">rdacontent</subfield>
    <subfield code="a">texto</subfield>
    <subfield code="b">txt</subfield>
  </datafield>
  <datafield tag="337" ind1=" " ind2=" ">
    <subfield code="2">rdamedia</subfield>
    <subfield code="a">sin mediaci&#xF3;n</subfield>
    <subfield code="b">n</subfield>
  </datafield>
  <datafield tag="338" ind1=" " ind2=" ">
    <subfield code="2">rdacarrier</subfield>
    <subfield code="a">volumen </subfield>
    <subfield code="b">nc</subfield>
  </datafield>
  <datafield tag="505" ind1=" " ind2=" ">
    <subfield code="a">CUENTOS VAGABUNDOS (PUBLICADO ORIGINALMENTE EN 2007) ES UNA ANTOLOG&#xCD;A DE RELATOS DEL ESCRITOR, DOCENTE Y NARRADOR MEXICANO ALFREDO GARC&#xCD;A SERV&#xCD;N (NACIDO EN AC&#xC1;MBARO, GUANAJUATO, PERO PROFUNDAMENTE ARRAIGADO EN LA ESCENA CULTURAL DE QUER&#xC9;TARO).HACIENDO HONOR A SU T&#xCD;TULO, LA OBRA RECOPILA HISTORIAS DONDE LA TRANSITORIEDAD, EL VIAJE Y EL CONSTANTE MOVIMIENTO SON EL EJE CENTRAL. LOS PERSONAJES DE ESTE LIBRO NO EST&#xC1;N FIJOS; TRANSITAN POR LA VIDA, POR LOS ESPACIOS GEOGR&#xC1;FICOS Y POR SUS PROPIOS MUNDOS INTERIORES.</subfield>
  </datafield>
  <datafield tag="650" ind1=" " ind2=" ">
    <subfield code="a">LITERATURA Y RETORICA</subfield>
  </datafield>
  <datafield tag="650" ind1=" " ind2=" ">
    <subfield code="a">LITERATURAS ESPA&#xD1;OLAS Y PORTUGUESAS </subfield>
  </datafield>
  <datafield tag="650" ind1=" " ind2=" ">
    <subfield code="a">NOVELISTICA ESPA&#xD1;OLA </subfield>
  </datafield>
  <datafield tag="942" ind1=" " ind2=" ">
    <subfield code="2">ddc</subfield>
    <subfield code="c">COLQ</subfield>
  </datafield>
  <datafield tag="999" ind1=" " ind2=" ">
    <subfield code="c">68663</subfield>
    <subfield code="d">68663</subfield>
  </datafield>
</record>
